000 00870nam a2200277 i 4500
003 DO-SdBNP
005 20240624133445.0
007 ta
008 240613e2024 dr ||||| |||| 00| p spa d
040 _aDO-SdBNP
_bspa
_cBNPHU
_erda
082 4 _aRD861.44
_bG984ca 2024
_222
100 1 _aGutiérrez, Tony,
_925185
_eautor
245 1 0 _aCaribe cósmico /
_bTony Gutiérrez.
250 _aSegunda edición
264 1 _aSanto Domingo :
_bSantuario,
_c2024.
300 _a86 páginas ;
_c23 cm.
336 _2rdacontent
_atexto
_btxt
337 _2rdamedia
_asin mediación
_bn
338 _2rdacarrier
_avolumen
_bnc
500 _aIncluye datos biográficos del autor en las solapas
590 _aInventariado 2024 / MF
650 4 _aPoesía dominicana.
_9351
650 4 _aLiteratura dominicana.
_967
910 _aValidado. Control de calidad MFF
942 _2ddc
_cLBS1
999 _c56846
_d56846